000 00471nam a22001817a 4500
003 CEME
005 20210628202312.0
008 210121b xxu||||| |||| 00| 0 eng d
020 _a0-07-136211-8
040 _c.
082 _a623.803 MCK
100 _aMckenna , Robert
_959240
245 _aThe dictionary of nautical literacy
260 _aNEW YORK
_bMCGRAW HILL
_c2003
300 _aX,416 P
650 _aDICTIONARY OF NAUTICAL LITERACY
_959241
942 _cBK
_2ddc
999 _c569265
_d569265